Rezervy v účtovníctve banky diplomová práca

Uložené v:
Podrobná bibliografia
Hlavný autor: Prokopecová, Diana
Korporativný autor: Fakulta hospodárskej informatiky EU. Katedra účtovníctva a audítorstva
Ďalší autori: Boušková, Dagmar
Médium: Kniha
Jazyk:Slovak
Vydavateľské údaje: Bratislava 2011
Tagy: Pridať tag
Žiadne tagy, Buďte prvý, kto otaguje tento záznam!

MARC

LEADER 00000nbm a2200000 4500
001 0140694
005 20161109101943.5
041 0 |a slo 
044 |a SK 
245 1 0 |a Rezervy v účtovníctve banky  |b diplomová práca  |c Diana Prokopecová ; školiteľ: Dagmar Boušková 
264 1 |a Bratislava  |c 2011 
300 |a 70 s. 
100 1 |a Prokopecová, Diana 
700 1 |a Boušková, Dagmar 
710 2 |a Fakulta hospodárskej informatiky EU. Katedra účtovníctva a audítorstva